000
00291nam a22001337a 4500
008
170807b xxu||||| |||| 00| 0 eng d
020
_a
9781562056629
041
_a
eng
080
_a
004
100
_a
33
101
_a
SHKI
245
_a
INSIDE EXTREME 3D 2
_c
BOUTON, G.D
942
_2
udc
_c
BK
999
_c
22743
_d
22743